Das Passiv im Deutschen ein Lehr- und Übungsbuch

Bibliographic Details
Main Authors: Kozmová, Ružena (Author), Lohde, Michael (Author)
Format: Book
Language:German
Slovak
PhysicalDescription:139 s. 20 cm
Published: Bratislava Pedagogická fakulta UK 1998
ISBN:8088868408
Subjects:

MARC

LEADER 00000cam a2200000 a 4500
001 vtls001349774
003 SK-MaSNL
005 20260301200817.0
008 240318s1998 xo r 000 0 ger
015 |a SNBA1999/03-00912 
020 |a 8088868408 
035 |a SNK000303097 
035 |a urn:nbn:sk:snk-amjcet 
035 |a urn:nbn:sk:snk-am002ezw 
035 |a 92526BC0-A160-4A6E-8381-F53A94A80669 
040 |a SNK  |b slo  |c SNK  |e AACR2 
041 0 |a ger  |a slo 
044 |a xo  |c SK 
080 |a 803.0-5(035)  |2 1981 
100 1 |a Kozmová, Ružena  |4 aut  |9 12892 
245 1 4 |a Das Passiv im Deutschen  |b ein Lehr- und Übungsbuch  |c Ružena Kozmová, Michael Lohde 
260 |a Bratislava  |b Pedagogická fakulta UK  |c 1998 
300 |a 139 s.  |c 20 cm 
500 |a Čiast. text slov. 
500 |a Bibliogr. s. 133-137 
650 0 7 |a nemčina  |2 SNK  |9 1384 
650 0 7 |a gramatika  |2 SNK  |9 865 
655 7 |a príručky  |2 SNK  |9 74364 
700 1 |a Lohde, Michael  |4 aut  |9 580485 
919 |a 80-88868-40-8 
958 |a TL 
958 |a NB 
999 |c 892150  |d 894080 
952 |t P60, <09>, [BOOK], {629}  |a SNK  |b SNK  |y NEVYP  |7 0  |o snkD 163  |i snk1748/981203  |0 0  |1 0  |4 0  |d 1998-12-01  |l 0  |r 2005-01-02 00:00:00  |w 2026-02-24 
952 |t P60, <03>, [BOOK], {603}  |a SNK  |b SNK  |y PREZ  |7 0  |p 17A0171364  |o snkSD 69707  |i snkKSP 11128/98  |0 0  |1 0  |4 0  |d 1998-12-01  |l 0  |r 2005-01-02 00:00:00  |w 2026-02-24 
952 |t P60, <04>, [BOOK], {604}  |a SNK  |b SNK  |y VYP  |7 0  |p 17A0171293  |o snkSD 69707 D1  |i snkKSP 11129/98  |0 0  |1 0  |4 0  |d 1998-12-01  |f 1  |l 0  |r 2005-01-02 00:00:00  |w 2026-02-24